000 00372nam a2200157Ia 4500
008 230524s9999 xx 000 0 und d
082 _a621.382
_bDES
100 _aN.D.Despande
245 0 _aCommunication Electronics
250 _a1ST
260 _aNEW DELHI
_bTMH
_c2001
300 _aXVI;414
500 _aQuantity Number: 2
650 _aElectronics
942 _cBK
999 _c30792
_d30792